|
|
|
|
| LEADER |
00000nam0a2200000 4500 |
| 001 |
278099 |
| 005 |
20231101235059.0 |
| 035 |
|
|
|a (RuTPU)RU\TPU\book\301376
|
| 035 |
|
|
|a RU\TPU\book\299816
|
| 090 |
|
|
|a 278099
|
| 100 |
|
|
|a 20141209d1986 k y0rusy50 ca
|
| 101 |
0 |
|
|a rus
|
| 102 |
|
|
|a RU
|
| 105 |
|
|
|a a z 001zy
|
| 200 |
1 |
|
|a Солитоны и инстантоны, операторное квантование
|e [сборник научных трудов]
|f Академия наук СССР (АН СССР), Физический институт им. П. Н. Лебедева (ФИАН) ; гл. ред. Н. Г. Басов ; отв. за вып. В. Л. Гинзбург
|
| 210 |
|
|
|a Москва
|c Наука
|d 1986
|
| 215 |
|
|
|a 228 с.
|c ил.
|
| 225 |
1 |
|
|a Труды физического института им. П. Н. Лебедева (ФИАН)
|v Т. 165
|
| 320 |
|
|
|a Библиогр. в конце ст.
|
| 606 |
1 |
|
|a Солитоны
|x (физика)
|2 stltpush
|3 (RuTPU)RU\TPU\subj\64961
|9 81628
|
| 610 |
1 |
|
|a квантовая механика
|
| 610 |
1 |
|
|a калибровка
|
| 610 |
1 |
|
|a каноническое квантование
|
| 610 |
1 |
|
|a операторное квантование
|
| 610 |
1 |
|
|a динамические системы
|
| 610 |
1 |
|
|a абелизация
|
| 610 |
1 |
|
|a нелинейные уравнения
|
| 610 |
1 |
|
|a солитонные решения
|
| 610 |
1 |
|
|a группы
|
| 610 |
1 |
|
|a дисперсионная гидродинамика
|
| 610 |
1 |
|
|a автомодельные разрывы
|
| 610 |
1 |
|
|a ударные волны
|
| 610 |
1 |
|
|a солитонные фронты
|
| 675 |
|
|
|a 530.145.6
|v 4
|
| 702 |
|
1 |
|a Басов
|b Н. Г.
|4 651
|
| 702 |
|
1 |
|a Гинзбург
|b В. Л.
|4 540
|
| 712 |
0 |
2 |
|a Академия наук СССР (АН СССР)
|b Физический институт им. П. Н. Лебедева (ФИАН)
|c (Москва)
|2 stltpush
|3 (RuTPU)RU\TPU\col\13766
|
| 801 |
|
1 |
|a RU
|b 63413507
|c 20090330
|g PSBO
|
| 801 |
|
2 |
|a RU
|b 63413507
|c 20210723
|g PSBO
|
| 942 |
|
|
|c BK
|